Statistics for Nationalities of Everest Climbers

Click here to take the quiz!

General Stats

  • This quiz has been taken 21 times
  • The average score is 65 of 112

Answer Stats

Hint (Numbers)Answer% Correct
544China
100%
544India
100%
209Japan
100%
421United Kingdom
100%
783United States
100%
127Australia
94%
1856Nepal
94%
192Russia
94%
148Canada
89%
138France
89%
52New Zealand
89%
37South Africa
89%
36Sweden
89%
2Egypt
83%
19Finland
83%
42Ireland
83%
47Mexico
83%
121South Korea
83%
26Argentina
78%
35Brazil
78%
15Greece
78%
32Iran
78%
77Italy
78%
34Netherlands
78%
69Norway
78%
61Poland
78%
5Portugal
78%
100Spain
78%
16Turkey
78%
74Austria
72%
22Belgium
72%
11Colombia
72%
21Denmark
72%
87Germany
72%
6Hungary
72%
78Switzerland
72%
13Taiwan
72%
1Bhutan
67%
12Indonesia
67%
4Peru
67%
1Tunisia
67%
4Vietnam
67%
6Albania
61%
1Algeria
61%
5Bangladesh
61%
15Bulgaria
61%
27Chile
61%
6Croatia
61%
10Israel
61%
12Pakistan
61%
8Philippines
61%
5Saudi Arabia
61%
5Thailand
61%
1Cuba
56%
14Ecuador
56%
10Iceland
56%
10Latvia
56%
6Lithuania
56%
28Malaysia
56%
4Morocco
56%
3Qatar
56%
14Romania
56%
4Slovakia
56%
2Sri Lanka
56%
32Ukraine
56%
3Venezuela
56%
1Afghanistan
50%
1Bosnia-Herzegovina
50%
15Czech Republic
50%
7Estonia
50%
13Kazakhstan
50%
4Moldova
50%
2Myanmar
50%
8Serbia
50%
12Slovenia
50%
1Syria
50%
10United Arab Emirates
50%
2Uruguay
50%
3Bolivia
44%
1Costa Rica
44%
1Dominican Republic
44%
3Luxembourg
44%
3Oman
44%
1Panama
44%
1Andorra
39%
3Cyprus
39%
1Honduras
39%
1Kenya
39%
5Kosovo
39%
2Kuwait
39%
4North Macedonia
39%
20Singapore
39%
1Tajikistan
39%
1El Salvador
33%
3Guatemala
33%
1Jordan
33%
2Kyrgyzstan
33%
6Malta
33%
13Mongolia
33%
12Uzbekistan
33%
1Azerbaijan
28%
10Bahrain
28%
7Belarus
28%
3Montenegro
28%
1Armenia
22%
9Georgia
22%
6Lebanon
22%
1San Marino
17%
2Palestine
11%
1Mauritius
6%
1Paragual
0%

Score Distribution

Percentile by Number Answered

Percent of People with Each Score

Your Score History

You have not taken this quiz